000 00534nam a2200181Ia 4500
008 090123s9999 xx 000 0 und d
082 _b6582
_a891.463/भागव
100 _aभागवत मधुराणी
245 _aफुलोरा
250 _a1
260 _bसदानंद प्रकाशन
300 _a172
600 _aभागवत मधुराणी
630 _aफुलोरा
700 _aभागवत मधुराणी
730 _aफुलोरा
942 _cBOOK
999 _c44647
_d44647